| 000 | 00965nam a22002297a 4500 | ||
|---|---|---|---|
| 999 |
_c20409 _d20409 |
||
| 003 | AR-CdUCM | ||
| 008 | 190528b ||||| |||| 00| 0 spa d | ||
| 040 |
_aMUNICIPALIDAD PROVINCIAL DEL CUSCO _cBIBLIOTECA MUNICIPAL DEL CUSCO |
||
| 082 |
_a621.381 / _bL85 |
||
| 100 |
_aLoper, Orla E. _942677 |
||
| 245 |
_aIntroducción a la electricidad y a la electrónica : _bManual de investigación y desarrollo / |
||
| 260 |
_aMéxico : _bDiana, _c1972. |
||
| 300 |
_a225 páginas ; _bIlustraciones, diagramas, _c26 cm. |
||
| 440 |
_aManuales Delmar de electricidad y electrónica _942678 |
||
| 500 | _aManuales delmar de electricidad y electrónica | ||
| 505 | _aContenido : Experimentos y proyectos sobre el comportamiento de los electrones -- Sobre el control de movimiento -- Sobre circuitos eléctricos... | ||
| 650 |
_aElectrónica _920355 |
||
| 650 |
_aManuales de laboratorio _922558 |
||
| 700 |
_aAhr, Arthur F. _942679 |
||
| 942 |
_2ddc _cLIBROS |
||
| 945 | _arcc | ||